zpět

Detail výsledku týmu

IP Submarine, Praha

Datum a čas kvízu

16 Celkem bodů Celkový počet nahraných bodů na tomto kvízu bez doplňovacích otázek.
4. Pořadí na kvízu Konečné umístění týmu na tomto kvízu.

Zaznamenané odpovědi

# Otázka Odpověď Body Výsledky
1. Podnikatel tuniského původu Fe... 0
2. Slovenský prezident Kiska vyzn... 0.5
3. Akce, kdy agenti Státní bezpeč... 0
4. V průzkumu britského magazínu... 1
5. Konec neporazitelnosti v hokej... 0
6. Mezinárodní vesmírná stanice (... 0
7. V předchozí otázce bylo řečeno... 0
8. Standardní denní program posád... 1
9. Jak se jmenuje ruská kosmická... 1
10. První espresso kávovar, určený... 0